Quiz Génies en Herbe - 4 - Histoire - Statistiques

Statistiques générales
  • Ce quiz a été pris 146 fois
  • Le résultat moyen est 10 sur 15
Statistiques - réponses
Question Réponse % Correct
En quelle année s'est terminé la 2e guerre mondiale? 1945
99%
En quel année a eu lieu la chute du mur de Berlin? 1989
91%
Comment s'appelle la route commerciale reliant l'Asie et l'Europe très prisée par les Européens du 2e siècle avant J.C. jusqu'au 15e siècle après J.C pour transporter de la marchandise? Route de la Soie
91%
Comment s'appelle le grand territoire que la Russie a vendu au États-Unis en 1867? Alaska
90%
À quel pays associez-vous Gengis Khan? Mongolie
88%
Quel ville est considéré comme le berceau de la démocratie moderne? Athènes
87%
Quel est le nom du premier Empereur Romain? Auguste
81%
Comment s'appelle la première personne a avoir fait le tour du globe? Fernand de Magellan
77%
Quel territoire est redevenu Chinois en 1997 après avoir appartenu à la Grande-Bretagne? Hong Kong
64%
Qu'est ce que Homo Erectus signifie? Homme Droit
62%
Quel pays a colonisé la République Démocratique du Congo et le Rwanda? Belgique
58%
Quel période succède au Néolithique? Antiquité
51%
Quel civilisation d'Amérique du Sud a été conquis par les conquistadors au 16e siècle? Inca
43%
En quelle année a été fondé la ville de Québec? 1608
38%
Qui a été le premier premier ministre du Québec? Pierre-Joseph-Olivier Chauveau
29%
Aucun quiz correspondant
Distribution des résultats
% des personnes avec chaque résultat
Percentile par nombre de réponses
Votre historique - résultats
Vous n’avez pas pris ce quiz